LEADER 03682oam 2200757I 450 001 9910778067003321 005 20230828233843.0 010 $a1-134-00882-1 010 $a1-299-28509-0 010 $a1-134-00875-9 010 $a1-282-07737-6 010 $a9786612077371 010 $a1-84392-576-1 024 7 $a10.4324/9781843925767 035 $a(CKB)1000000000767094 035 $a(EBL)449683 035 $a(OCoLC)609842651 035 $a(SSID)ssj0000357579 035 $a(PQKBManifestationID)11278560 035 $a(PQKBTitleCode)TC0000357579 035 $a(PQKBWorkID)10358993 035 $a(PQKB)10325854 035 $a(MiAaPQ)EBC449683 035 $a(MiAaPQ)EBC5268546 035 $a(Au-PeEL)EBL449683 035 $a(CaPaEBR)ebr10305955 035 $a(CaONFJC)MIL459759 035 $a(OCoLC)830323973 035 $a(Au-PeEL)EBL5268546 035 $a(CaONFJC)MIL207737 035 $a(OCoLC)1024248825 035 $a(EXLCZ)991000000000767094 100 $a20180706d2006 uy 0 101 0 $aeng 135 $aur|n|---||||| 181 $ctxt 182 $cc 183 $acr 200 00$aCaptured by the media $eprison discourse in popular culture /$fedited by Paul Mason 210 1$aCullompton, Devon, U.K. ;$aPortland, Or. :$cWillan Pub.,$d2006. 215 $a1 online resource (251 p.) 300 $aDescription based upon print version of record. 311 $a1-84392-144-8 311 $a1-84392-145-6 320 $aIncludes bibliographical references and index. 327 $aCover; Captured by the Media; Title Page; Copyright Page; Table of Contents; Acknowledgements; Notes on contributors; 1 Turn on, tune in, slop out; 2 The function of fiction for a punitive public; 3 Red tops, populists and the irresistible rise of the public voice(s); 4 Crime sound bites: a view from both sides of the microphone; 5 What works in changing public attitudes to prison: lessons from Rethinking Crime and Punishment; 6 Delivering death: capital punishment, botched executions and the American news media; 7 'Buried alive': representations of the separate system in Victorian England 327 $a8 Undermining the simplicities: the films of Rex Bloomstein9 Creating a stir? Prisons, popular media and the power to reform; 10 The violence of images: inside the prison TV drama Oz; 11 The anti-heroines of Holloway: the prison films of Joan Henry and J. Lee Thompson; 12 Relocating Hollywood's prison film discourse; 13 Future punishment in American science fiction films; Index 330 $aThis book turns on the television, opens the newspaper, goes to the cinema and assesses how punishment is performed in media culture, investigating the regimes of penal representation and how they may contribute to a populist and punitive criminological imagination. It places media discourse in prisons firmly within the arena of penal policy and public opinion, suggesting that while Bad Girls, The Shawshank Redemption, internet jail cams, advertising and debates about televising executions continue to ebb and flow in contemporary culture, the persistence of this spectacle of punishment - its c 606 $aCorrections 606 $aMass media and criminal justice 606 $aPrisons 606 $aPunishment 615 0$aCorrections. 615 0$aMass media and criminal justice. 615 0$aPrisons. 615 0$aPunishment. 676 $a302.23 676 $a364.6 701 $aMason$b Paul$0741485 801 0$bMiAaPQ 801 1$bMiAaPQ 801 2$bMiAaPQ 906 $aBOOK 912 $a9910778067003321 996 $aCaptured by the media$93762709 997 $aUNINA LEADER 05086nam 2200721Ia 450 001 9910780717003321 005 20230725041552.0 010 $a1-282-88484-0 010 $a9786612884849 010 $a3-11-022358-9 024 7 $a10.1515/9783110223583 035 $a(CKB)2480000000005812 035 $a(EBL)605982 035 $a(OCoLC)687690700 035 $a(SSID)ssj0000440428 035 $a(PQKBManifestationID)11292949 035 $a(PQKBTitleCode)TC0000440428 035 $a(PQKBWorkID)10471084 035 $a(PQKB)10165259 035 $a(MiAaPQ)EBC605982 035 $a(DE-B1597)37330 035 $a(OCoLC)774132449 035 $a(DE-B1597)9783110223583 035 $a(Au-PeEL)EBL605982 035 $a(CaPaEBR)ebr10424431 035 $a(CaONFJC)MIL288484 035 $a(EXLCZ)992480000000005812 100 $a20100524d2010 uy 0 101 0 $aeng 135 $aur||#|||||||| 181 $ctxt 182 $cc 183 $acr 200 00$aOne God, one cult, one nation$b[electronic resource] $earchaeological and biblical perspectives /$fedited by Reinhard G. Kratz and Hermann Spieckermann ; in cooperation with Björn Corzilius and Tanja Pilger 210 $aBerlin ;$aNew York $cWalter de Gruyter$d2010 215 $a1 online resource (483 p.) 225 1 $aBeihefte zur zeitschrift fuer die alttestamentliche wissenschaft ;$vBd. 405 300 $aDescription based upon print version of record. 311 $a3-11-022357-0 320 $aIncludes bibliographical references and index. 327 $tFrontmatter --$tTable of contents --$tI. The Great Monarchy: Biblical and Archaeological Perspectives on David and Solomon --$tA Great United Monarchy? Archaeological and Historical Perspectives /$rFinkelstein, Israel --$tArchaeology and the Biblical Narrative: The Case of the United Monarchy /$rMazar, Amihai --$tSolomon and the United Monarchy: Some Textual Evidence /$rBlum, Erhard --$tElders or Youngsters? Critical Remarks on 1 Kings 12 /$rRofé, Alexander --$t'What Share Do We Have in David...?' - Ben Sira's Perspectives on 1 Kings 12 /$rWitte, Markus --$tII. The Cult Centralization in Its Near Eastern Context: Perspectives on Hezekiah and Josiah --$tThe Idea of Cultic Centralization and Its Supposed Ancient Near Eastern Analogies /$rKratz, Reinhard G. --$tCult Centralization in the Ancient Near East? Conceptions of the Ideal Capital in the Ancient Near East /$rSchaudig, Hanspeter --$tPerspectives on Southern Israel's Cult Centralization: Arad and Beer-scheba /$rHerzog, Ze'ev --$tWhy the Cult Reforms in Judah Probably Did not Happen /$rPakkala, Juha --$tIII. The Ancient City: Perspectives on the Political and Cultural Interrelations at Beth Shean --$tTel Beth-Shean: History and Archaeology /$rMazar, Amihai --$tNysa-Scythopolis: Ethnicity and Religion /$rMazor, Gabriel --$tBeth Shean/Scythopolis in Late Antiquity: Cult and Culture, Continuity and Change /$rHeyden, Katharina --$tIV. The One and The Only: Perspectives on the Development of a Divine Concept --$tGod and His People: The Concept of Kingship and Cult in the Ancient Near East /$rSpieckermann, Hermann --$tYHWH in the Northern and Southern Kingdom /$rKöckert, Matthias --$tFrom Many Gods to the One God: The Archaeological Evidence /$rStern, Ephraim --$tMonotheism and Angelology in Daniel /$rSegal, Michael --$tJustice, the King and the Gods: Polytheism and Emerging Monotheism in the Ancient World /$rAuffarth, Christoph --$tBackmatter 330 $aDie jüngere archäologische und bibelwissenschaftliche Forschung stellt das traditionelle Bild der Geschichte des antiken Israel infrage.Der vorliegende Band führt neueste Forschungsergebnisse beider Wissenschaftsdisziplinen zusammen und stellt die Frage nach der historischen Faktizität oder literarischen Fiktionalität des Davidisch-Salomonischen Großreichs ('One Nation') und der Kultreformmaßnahme unter Josia ('One Cult'). Die politischen und kulturellen Wechselbeziehungen innerhalb des Vorderen Orients werden am Beispiel der antiken Stadt Beth She'an/Scythopolis veranschaulicht und in ihrer Bedeutung für den Wandel des Gottesbildes ('One God') problematisiert.Der Sammelband enthält siebzehn englischsprachige Beiträge von international anerkannten Forschern aus Israel, Finnland und Deutschland. 410 0$aBeihefte zur Zeitschrift fu?r die alttestamentliche Wissenschaft ;$v405. 606 $aExcavations (Archaeology)$zIsrael 607 $aIsrael$xAntiquities 610 $aBeth She'an. 610 $aBiblical Archaeology. 610 $aCult. 610 $aDivine Concepts. 610 $aOld Testament. 615 0$aExcavations (Archaeology) 676 $a221.9/3 686 $aBC 7525$2rvk 700 $aKratz$b Reinhard Gregor$f1957-$01473628 701 $aKratz$b Reinhard Gregor$f1957-$01473628 701 $aSpieckermann$b Hermann$0640968 801 0$bMiAaPQ 801 1$bMiAaPQ 801 2$bMiAaPQ 906 $aBOOK 912 $a9910780717003321 996 $aOne God, one cult, one nation$93866692 997 $aUNINA